SUPREME COURT CRIMINAL APPEAL No.13 of 2009 Kasozi Lawrance Vs Uganda (Record no. 6038)

MARC details
000 -LEADER
fixed length control field 00541nam a22001097a 4500
008 - FIXED-LENGTH DATA ELEMENTS--GENERAL INFORMATION
fixed length control field 150608b xxu||||| |||| 00| 0 eng d
010 ## - LIBRARY OF CONGRESS CONTROL NUMBER
Field link and sequence number SCCRAF:20B
245 ## - TITLE STATEMENT
Title SUPREME COURT CRIMINAL APPEAL No.13 of 2009 Kasozi Lawrance Vs Uganda
260 ## - PUBLICATION, DISTRIBUTION, ETC. (IMPRINT)
Place of publication, distribution, etc Supreme Court Kampala
500 ## - GENERAL NOTE
Materials specified An Appeal from the Judgement of the court of Appeal At kampala (Before A.Mpagi Bahigeine, A.Twinomujuni and S.B.K KavumaJJ.A )dated !st April, 2009 in Criminal Appeal no.35 of 2003
500 ## - GENERAL NOTE
Materials specified (CORAM: ODOKI, J.C., TSEKOOKO, KATUREEBE, TUMWESIGYE, KISAAKYE, JJ.SC)
Holdings
Withdrawn status Lost status Source of classification or shelving scheme Damaged status Koha normalized classification for sorting Not for loan Location (home branch) Sublocation or collection (holding branch) Shelving location Date acquired Koha issues (times borrowed) Koha full call number Piece designation (barcode) Koha date last seen Price effective from Koha item type Public note
    Dewey Decimal Classification   SCCRAF_20B   Law Development Centre Main Library Law Development Centre Main Library Reference 06/08/2015   SCCRAF:20b 0077/2015 06/08/2015 06/08/2015 Un Reported Cases Judgement delivered on 10th may 2011
    Dewey Decimal Classification   SCCRAF_20B   Law Development Centre Main Library Law Development Centre Main Library Reference 06/08/2015   SCCRAF:20B 0078/2015 06/08/2015 06/08/2015 Un Reported Cases Judgement delivered on 10th may 2011